000 01042nam a22003497a 4500
003 CHAP
005 20220817044255.0
008 090612s2007 it rn 00010 spa d
010 _a96367
011 _a97339
020 _a978921058770
035 _a108004
040 _cCHAP
082 0 4 _a333.717026
_bF27y v.97
110 2 _aFAO
245 1 0 _aDesigning national pesticide legislation
_c/por Jessica Vapnek, Isabella Pagotto y Margaret Kwoka
260 _aRome :
_bFAO,
_c2007
300 _a107 p.
410 0 0 _aFAO
490 0 _aFAO. Estudio legislativo
_v; 97
590 _aBATCH-UPD
_b10
_c20130110
_lUCH01
_h0845
590 _aCONVERSION
_b10
_c20130109
_lUCH01
_h1353
650 1 4 _aPesticidas.
_987536
700 1 _aKwoka, Margaret
_964160
700 1 _aPagotto, Isabella
_984726
700 1 _aVapnek, Jessica
_9117900
810 0 _aFAO
830 0 0 _aFAO. Estudio legislativo
_v; 97
_939542
901 _aBK
942 _cLIBRO
949 _a333.717026 F27y v.97
_bBC
_cFAO
_d33724002087644
_eFAO1
_gDonaciØn
_h110615
_i108004
_sb
999 _c96367
_d96367